[Event "Bahn-chG"]
[Site "Bad Laasphe"]
[Date "1994.10.09"]
[Round "1"]
[White "Rummler, Michael"]
[Black "Schieferstein, Michael"]
[Result "0-1"]
[WhiteElo "1690"]
[BlackElo "2040"]
[PlyCount "76"]
[EventDate "1994.10.09"]
[EventType "swiss"]
[EventRounds "7"]
[EventCountry "GER"]
[SourceTitle "EXT 1999"]
[Source "ChessBase"]
[SourceDate "1998.11.16"]
[SourceVersion "1"]
[SourceVersionDate "1998.11.16"]
[SourceQuality "1"]

1. e4 Nf6 2. Nc3 d5 3. exd5 Nxd5 4. Nxd5 Qxd5 5. Nf3 Bg4 6. Be2 e5 7. 0-0 Nc6 8. Nxe5 Bxe2 9. Qxe2 Nxe5 10. Re1 f6 11. d4 Qxd4 12. Qb5+ Kf7 13. Be3 Qc4 14. Qxb7 Bd6 15. Bxa7 Rhe8 16. Rad1 Kf8 17. Kh1 Qc6 18. Qxc6 Nxc6 19. Rxe8+ Kxe8 20. Re1+ Kf7 21. Be3 Rxa2 22. Bc1 Ra1 23. Bd2 Rxe1+ 24. Bxe1 Ke6 25. g3 Kd5 26. Kg2 Nd4 27. c3 Nb3 28. Kf3 Kc4 29. Ke3 Nc5 30. b4 Na4 31. Ke4 g6 32. b5 Be5 33. Bd2 Nxc3+ 34. Kf3 Nxb5 35. Kg4 c5 36. f4 f5+ 37. Kg5 Bg7 38. h4 Nd4 0-1